Liga Mistrzów UEFA - Półfinaliści (2020-) - Statystyki

Ogólne statystyki
  • Ten quiz został rozwiązany 150 razy
  • Średni wynik to 11 z 14
Statystyki odpowiedzi
Półfinały Klub % Poprawnych
4x Real Madryt
99%
1x Barcelona
95%
3x Manchester City
95%
4x Paris Saint-Germain
95%
2x Bayern Monachium
94%
2x Inter Mediolan
94%
1x Borussia Dortmund
89%
1x Chelsea
89%
1x Liverpool
89%
1x Arsenal
84%
1x Milan
67%
1x Villarreal
52%
1x Olympique Lyon
45%
1x RB Lipsk
42%
Nie znaleziono quizów pasujących do podanych kryteriów
Rozkład punktacji
Procent ludzi z każdym wynikiem
Percentyl według liczby udzielonych odpowiedzi
Twoja historia wyników
Nie rozwiązałeś tego quizu